000 00567nam a2200169Ia 4500
003 GCL
008 140319s9999 xx 000 0 ara d
040 _aGCL /
_cGCL
082 0 4 _aد
_b050
_bم ع
245 1 0 _aالكتاب فى العالم الاسلامى ( عالم المعرفة 297 )
260 _aالكويت :
_bالمجلس الوطنى للثقافة والفنون والاداب ،
_c2003
650 0 4 _aالخط العربى
650 0 4 _aالمخطوطات العربية
650 0 4 _aالمخطوطات
650 0 4 _aالكتاب
942 _2ddc
_cCR
999 _c6650
_d6650